000 00533nam a22001937a 4500
005 20230207053105.0
008 230207b |||||||| |||| 00| 0 eng d
020 _a978-0-08-098204-5
082 _a669.9 Sm635 2014
100 _aSmallman, R.E.
_eauthor
245 _aModern physical metallurgy /
_cR. E. Smallman, A. H. W. Ngan
250 _a8th ed.
260 _aOxford:
_bElsevier,
_cc2014
300 _axxi, 697p.:
_bill.
504 _aIncludes index
541 _e5726
650 _aMetallurgy
700 _aNgan, A. H. W.
_eauthor
999 _c922
_d922